Exam Warriors (Record no. 11302)

MARC details
000 -LEADER
fixed length control field 00250nam a22000977a 4500
008 - FIXED-LENGTH DATA ELEMENTS--GENERAL INFORMATION
fixed length control field 190207b ||||| |||| 00| 0 eng d
020 ## - INTERNATIONAL STANDARD BOOK NUMBER
International Standard Book Number 9780143443230
100 ## - MAIN ENTRY--PERSONAL NAME
Personal name Modi
9 (RLIN) 7044
245 ## - TITLE STATEMENT
Title Exam Warriors
260 ## - PUBLICATION, DISTRIBUTION, ETC. (IMPRINT)
Place of publication, distribution, etc. New Delhi
Name of publisher, distributor, etc. Penguin Random House
Date of publication, distribution, etc. 2018

No items available.

Powered by Koha